000 00544nam a2200181Ia 4500
003 IN-BaIIA
008 211028s9999 xx 000 0 eng d
020 _a2-86332-063-7
040 _cIIA Library
080 _a524.85
_bCEL
100 _aCelnikier, Ludwik M.
_916872
245 0 _aBasics of cosmic structures
_cLudwik M. Celnikier
260 _aFrance
_bEditions Frontiers
_c1989
300 _a409p.
650 _aAstronomy and astrophysics thesaurus
650 _aCosmic physics
_911148
942 _cBK
999 _c9944
_d9944